Developing organizational simulations: a guide for practitioners, students,a nd researchers (Record no. 1228323)

MARC details
000 -LEADER
fixed length control field 00874nam a2200253Ia 4500
003 - CONTROL NUMBER IDENTIFIER
control field OSt
005 - DATE AND TIME OF LATEST TRANSACTION
control field 20250903110539.0
008 - FIXED-LENGTH DATA ELEMENTS--GENERAL INFORMATION
fixed length control field 241129s9999||||xx |||||||||||||| ||und||
020 ## - INTERNATIONAL STANDARD BOOK NUMBER
International Standard Book Number 978-1-138-11929-1
037 ## - SOURCE OF ACQUISITION
Stock number TB
040 ## - CATALOGING SOURCE
Original cataloging agency CRL
Language of cataloging eng
Transcribing agency CRL
041 ## - LANGUAGE CODE
Language code of text/sound track or separate title eng
Source of code eng
084 ## - COLON CLASSIFICATION NUMBER
Classification number SN1:(X:8) P7;Q7
Assigning agency CRL
100 ## - MAIN ENTRY--PERSONAL NAME
Personal name Thornton George C. Au.; Mueller - Hanson Rose A. Au.; Rupp Deborah E. Au.
9 (RLIN) 722994
245 #0 - TITLE STATEMENT
Title Developing organizational simulations: a guide for practitioners, students,a nd researchers
Statement of responsibility, etc. Thornton George C. Au.; Mueller - Hanson Rose A. Au.; Rupp Deborah E. Au.
250 ## - EDITION STATEMENT
Edition statement 2nd
260 ## - PUBLICATION, DISTRIBUTION, ETC.
Place of publication, distribution, etc. New Delhi, USA
Name of publisher, distributor, etc. Routledge
Date of publication, distribution, etc. 2017
300 ## - PHYSICAL DESCRIPTION
Extent xv,238p.
365 ## - TRADE PRICE
Price type code UKP
Price amount 29.59
490 ## - SERIES STATEMENT
Series statement Series in applied psychology
650 ## - SUBJECT ADDED ENTRY--TOPICAL TERM
Topical term or geographic name entry element PsychologyBehaviourism
942 ## - ADDED ENTRY ELEMENTS (KOHA)
Koha item type Textbook
Classification part SN1:(X:8) P7;Q7
Source of classification or shelving scheme Colon Classification (CC)
Suppress in OPAC No
Holdings
Withdrawn status Lost status Damaged status Not for loan Home library Current library Date acquired Source of acquisition Cost, normal purchase price Inventory number Total Checkouts Full call number Barcode Date last seen Price effective from Koha item type
        Central Library Central Library 2024-11-29 Indica Publishers & Distributors Pvt. Ltd. 29.59 2022-23/0689 & 27/12/2022   SN1:(X:8) P7;Q7 CL1679119 2024-11-29 2024-11-29 Textbook
Copyright @ Delhi University Library System